000
00208 a2200109 4500
020
_a
9789706428219
041
_a
spa
100
_a
Santillana
245
_a
Formacion en Valores 2
942
_c
BK
952
_7
4
999
_c
23555
_d
23555